000 00250 a2200109 4500
001 50733
040 _cAnchieta - Pituba
240 1 0 _aDeutsch.com
_l
245 1 0 _aDeutsch.com
650 4 _aLínguas germânicas (teutônicas) língua alemã
942 _cMU
999 _c50733
_d50733